| 000 | 00368nam a2200145Ia 4500 | ||
|---|---|---|---|
| 008 | 150201s2006 xx 000 0 und d | ||
| 082 |
_a616.01 _bB06I |
||
| 100 | _aINDRAYAN,. A | ||
| 245 | _aBIOSTATES FOR MOD.NURSING ,PHARMACY.STUDENT | ||
| 250 | _a3 | ||
| 260 |
_bPRENTICE- HALL _aNEW DELHI _c2006 |
||
| 300 | _a1-295 | ||
| 650 | _aPharmacology | ||
| 942 |
_2ddc _cBK _05 |
||
| 999 |
_c1243 _d1243 |
||